| 000 | 01383nam a2200361 i 4500 | ||
|---|---|---|---|
| 999 |
_c22671 _d22671 |
||
| 001 | C00610960 | ||
| 003 | OSt | ||
| 005 | 20230109100858.0 | ||
| 007 | ta | ||
| 008 | 220905s2021 pe a gr 001 0 spa | ||
| 017 | _a2021-10598 | ||
| 020 | _a9789972574733 | ||
| 040 |
_apelibn _bspa _erda _cpelibn |
||
| 082 | 0 | 4 | _a338.4791/R53 |
| 100 | 1 |
_aRice, Mark, _eautor. _948838 |
|
| 245 | 1 | 0 |
_aDestino Machu Picchu : _bla política del turismo en el Perú del siglo XX / _cMark Rice ; traducción, Javier Flores Espinoza. |
| 250 | _a1a edición. | ||
| 264 | 1 |
_aLima : _bUniversidad del Pacífico, Fondo Editorial, _c2021. |
|
| 264 | 3 |
_aLima : _bAleph Impresiones. |
|
| 300 |
_a270 páginas : _bilustraciones, mapa, retrato ; _c23 cm. |
||
| 336 |
_aTexto _2rdacontent |
||
| 337 |
_asin mediación _2rdamedia |
||
| 338 |
_avolumen _2rdacarrier |
||
| 500 | _aIncluye índice temático. | ||
| 504 | _aBibliografía: páginas 241-258. | ||
| 534 |
_pTítulo original: _tMaking Machu Picchu. The politics of tourism in twentieth-Century Peru. |
||
| 650 | 1 | 8 |
_aTurismo _z-Perú _z-Santuario Histórico de Machu Picchu (Cus.) _948839 |
| 650 | 2 | 8 |
_aTurismo _x-Política gubernamental _z-Perú. _948840 |
| 700 | 1 |
_aFlores Espinoza, Javier, _d1962-, _etraductor. _948841 |
|
| 710 | 2 |
_aUniversidad del Pacífico (Lima), _eentidad editora. _910408 |
|
| 942 |
_2ddc _cLIBROS |
||